Statistics for English Football A-Z

Click here to take the quiz!

General Stats

  • This quiz has been taken 264 times
  • The average score is 20 of 24

Answer Stats

ClueAnswer% Correct
AStadium of Liverpool FCAnfield
98%
CClub from LondonChelsea / Charlton Athletic / Crystal Palace
95%
EClub from LiverpoolEverton
93%
J___ Terry, 78 capped England defenderJohn
92%
MHome to United and CityManchester
92%
GNickname of Arsenal FCThe Gunners
92%
VAston ____Villa
92%
KCurrent England strikerHarry Kane
91%
UWest Ham ____United
91%
OMan United its stadiumOld Trafford
89%
PThe highest leaguePremier League
87%
WHome stadium national teamWembley
86%
QClub from LondonQueens Park Rangers
85%
RAll-time topscorer for the national teamWayne Rooney
83%
SAll-time topscorer of the Premier LeagueAlan Shearer
81%
FGoverning body of association football in EnglandFA
77%
NSunderland's biggest rivalNewcastle United
77%
H'The Tigers' is the nickname of this clubHull City
76%
IClub in the League OneIpswich Town
75%
TNickname of the national teamThe Three Lions
74%
L48 goals for England, presenter of Match of the DayGary Lineker
72%
BThe first English player to win league titles in 4 countriesDavid Beckham
60%
DMillwall's homegroundThe Den
56%
YMade his debut for the English national team in 2007Ashley Young
47%

Score Distribution

Percentile by Number Answered

Percent of People with Each Score

Your Score History

You have not taken this quiz